000 00543nam a2200205 a 4500
005 20140228173048.0
008 140228b1993 nyu||||| |||| 00| 0 eng d
041 _aeng
090 _aLB
_b01577
100 _aMcGavin, George C.
_912904
245 _aBugs of the world
260 _aNueva York
_bFacts On File
_c1993
300 _a192 p.
650 _aChinches
_912905
650 _aEnfermedades
_97683
650 _aEnemigos naturales
_910149
650 _aSistemática
_93510
650 _aHábitos alimentarios
_93824
942 _cImpreso
_2z
999 _c1584
_d1584